000 00961nam a22002297a 4500
005 20240530110539.0
008 160504s2013 ua a f 000 0 ara d
017 _a2013/14875
_bمصر . دار الكتب المصرية
020 _a9789774485213
040 _aEG-CaGPL
082 0 4 _221
_a913.2
_bق/أ ج
100 0 _aاميلينو .
245 1 0 _aجغرافية مصر فى العصر القبطى =
_bla geographie de l 'Egypt /
_cاميلينو ؛ ترجمة و تعليق ميخائيل مكسى اسكندر .
250 _aط1.
260 _aالقاهرة :
_bالهيئة المصرية العامة للكتاب ،
_c2013 .
300 _a392 ص ؛
_c24 سم .
651 0 4 _aمصر القديمة
_xتاريخ
_yالعصر القبطى .
651 0 4 _aمصر القديمة
_xجغرافيا .
700 0 _aميخائيل مكسى اسكندر
_eمترجم و معلق .
942 _2ddc
_cBK
999 _c62216
_d62216